000 00446cam a2200181ua 4500
001 1760
008 110719n ii |||gr||||Z||||||eng
040 _cMAIN
082 _a337
100 1 _aGupta, K. R.,
_eAuthor.
245 1 _aInternational economics
_cby K. R. Gupta
250 _a1st.
260 _aDelhi:
_bAtma ram & sons,978.
_aJaipur:
300 _a623p:
_c23cm.
653 _aEconomics
653 _aInternational economics
942 _cBK
999 _c1644
_d1644